SZČO a zmeny v zákonnom sociálnom poistení a vo verejnom zdravotnom poistení od 1. januára 2021
V súvislosti s verejným zdravotným poistením a zákonným sociálnym poistením dochádza od 1.januára 2021 k zmenám v sumách limitov preddavkov na verejné zdravotné poistenie a poistného na zákonné sociálne poistenie. Priemerná mzda na Slovensku podľa štatistického úradu za rok 2019. Zákonné sociálne p...
Salvato in:
| Autore principale: | |
|---|---|
| Natura: | Capitolo di libro |
| Lingua: | slovacco |
| Soggetti: | |
| Tags: |
Nessun Tag, puoi essere il primo ad aggiungerne!!
|
MARC
| LEADER | 00000naa a2200000 4500 | ||
|---|---|---|---|
| 001 | 0272224 | ||
| 005 | 20240502074306.8 | ||
| 041 | 0 | |a slo | |
| 044 | |a SK | ||
| 245 | 1 | 0 | |a SZČO a zmeny v zákonnom sociálnom poistení a vo verejnom zdravotnom poistení od 1. januára 2021 |c Renáta Pakšiová |
| 520 | |a V súvislosti s verejným zdravotným poistením a zákonným sociálnym poistením dochádza od 1.januára 2021 k zmenám v sumách limitov preddavkov na verejné zdravotné poistenie a poistného na zákonné sociálne poistenie. Priemerná mzda na Slovensku podľa štatistického úradu za rok 2019. Zákonné sociálne poistenie. Povinne poistená SZČO v zákonnom sociálnom poistení v roku 2021. Stanovenie povinnosti a výšky zákonného sociálneho poistenia z daňového priznania za rok 2019. Platenie sociálneho poistenia – termíny a identifikácia platby. Verejné zdravotné poistenie SZČO v roku 2021. | ||
| 610 | 2 | 0 | |a poistenie sociálne |
| 610 | 2 | 0 | |a poistenci |
| 610 | 2 | 0 | |a poistenie zákonné |
| 610 | 2 | 0 | |a poistenie zdravotné |
| 610 | 2 | 0 | |a mzdy priemerné |
| 610 | 2 | 0 | |a Slovensko |
| 100 | 1 | |a Pakšiová, Renáta, 1974- | |